000 00397nam a2200157Ia 4500
008 241228s9999 xx 000 0 und d
020 _a9781003810353 | 9781032628059 | 9781032404172
082 _a005.18 SIN/S
100 _aSinha, Arun Kumar
245 0 _aSmart embedded systems :
260 _aBoca Raton,
260 _bCRC Press,
260 _c2024
300 _axiii, 285p.
942 _cBK
999 _c40117
_d40117